| 000 | 00338nam a22001457a 4500 | ||
|---|---|---|---|
| 003 | OSt | ||
| 005 | 20170105103447.0 | ||
| 008 | 131204t xxu||||| |||| 00| 0 eng d | ||
| 020 | _a978-81-312-0367-5 | ||
| 040 | _cASAB | ||
| 100 |
_aS M Lewis _9390 |
||
| 245 | _aDacie and Lewis Practical Haematology | ||
| 250 | _a10th Ed. | ||
| 942 |
_2ddc _cBK |
||
| 999 |
_c16661 _d16661 |
||